000 00468nam a2200181Ia 4500
001 2799
005 20260306144833.0
008 260306t2015||||xx |||||||||||||| ||spa||
041 _aESP
082 _a230.0464
_bL89
100 _aLoredo de Izcue, Julio
_eAUT
245 0 _aTeología de la liberación:
_bun salvavidas de plomo para los pobres
260 _c2015
300 _a326 páginas :
_c24 cm.
650 _aGEN
654 _aCHU
942 _cLIB
_dJUS
_fJUS
_2ddc
_n
999 _c2799
_d2799